000 00942nam a22002891i 4500
999 _c5871
_d5871
001 017877947
003 Uk
005 20251124091230.0
008 160601s2016 enka 000|0|eng|d
020 _a9780198376026 (paperback)
040 _aStDuBDS
_beng
_cStDuBDS
_dUk
_dKH8
_erda
042 _aukblsr
082 0 4 _a540 LIS
_223
100 1 _aLister, Ted,
_eauthor.
245 1 0 _aInternational A level chemistry :
_bAS and A Level : published for Oxford International AQA examinations /
_cTed Lister, Janet Renshaw.
264 1 _aOxford :
_bOxford University Press,
_c[2016]
300 _ax, 568 pages :
_billustrations (colour) ;
_c27 cm
336 _atext
_2rdacontent
336 _astill image
_2rdacontent
337 _aunmediated
_2rdamedia
338 _avolume
_2rdacarrier
500 _aFormerly CIP.
_5Uk
521 2 _aA-level.
650 0 _aChemistry
_vTextbooks.
700 1 _aRenshaw, Janet,
_d1940-
_eauthor.
942 _2ddc
_cTR